Pharmacology Review / (Record no. 600)

MARC details
000 -LEADER
fixed length control field 00511nam a22001937a 4500
003 - CONTROL NUMBER IDENTIFIER
control field OSt
005 - DATE AND TIME OF LATEST TRANSACTION
control field 20141027142811.0
008 - FIXED-LENGTH DATA ELEMENTS--GENERAL INFORMATION
fixed length control field 141027b xxu||||| |||| 00| 0 eng d
020 ## - INTERNATIONAL STANDARD BOOK NUMBER
International Standard Book Number 8123912005
040 ## - CATALOGING SOURCE
Transcribing agency DNLM
082 ## - DEWEY DECIMAL CLASSIFICATION NUMBER
Classification number QV 4 S21p 2005
100 ## - MAIN ENTRY--PERSONAL NAME
Personal name Saif S R
9 (RLIN) 1550
245 ## - TITLE STATEMENT
Title Pharmacology Review /
Statement of responsibility, etc. S R Saif
260 ## - PUBLICATION, DISTRIBUTION, ETC. (IMPRINT)
Place of publication, distribution, etc. New Delhi:
Name of publisher, distributor, etc. CBS Publishers and Distributors ;
Date of publication, distribution, etc. 2005.
300 ## - PHYSICAL DESCRIPTION
Extent xiv, 775 p :
Other physical details ill ;
Dimensions 25 cm.
504 ## - BIBLIOGRAPHY, ETC. NOTE
Bibliography, etc includes index.
650 ## - SUBJECT ADDED ENTRY--TOPICAL TERM
Topical term or geographic name as entry element Pharmacology
9 (RLIN) 357
942 ## - ADDED ENTRY ELEMENTS (KOHA)
Source of classification or shelving scheme Other/Generic Classification Scheme
Koha item type Short Loan
Holdings
Withdrawn status Lost status Source of classification or shelving scheme Damaged status Not for loan Home library Current library Date acquired Source of acquisition Inventory number Total Checkouts Full call number Barcode Date last seen Price effective from Koha item type
    Other/Generic Classification Scheme     MUST Main Library MUST Main Library 27/10/2014   2008/29426   QV 4 S21p 2005 2014-3144 27/10/2014 27/10/2014 Short Loan
    Other/Generic Classification Scheme     MUST Main Library MUST Main Library 27/10/2014   2008/29427   QV 4 S21p 2005 2014-3145 27/10/2014 27/10/2014 Short Loan
    Other/Generic Classification Scheme     MUST Main Library MUST Main Library 16/06/2016   08/29429   QV 4 S21p 2005 2016-2547 16/06/2016 16/06/2016 Open Shelf